| 000 | 00774 a2200229 4500 | ||
|---|---|---|---|
| 010 | _aENG-89195 | ||
| 020 |
_a9788120333536 _c395.00 |
||
| 035 | _aEN-72728 | ||
| 037 | _bDBAD / PUB | ||
| 082 | 1 | 4 | _a629.13251 |
| 090 |
_c10479 _d10479 |
||
| 100 | 1 | _aBose, Amitava | |
| 245 | 1 |
_aModern inertial sensors and systems / _cby Amitava Bose, Somnath Puri [and] Paritosh Banerjee |
|
| 260 |
_aNew Delhi _bPrentice-Hall of India _c2008 |
||
| 270 |
_aM-97, Connaught Circus, _bNew Delhi _e110 001 |
||
| 300 |
_axviii, 397p. _c23 cm (pbk) |
||
| 500 | _aIncludes Index | ||
| 700 | _aPuri, Somnath | ||
| 700 | _aBanerjee, Paritosh | ||
| 942 |
_adpl _cEN _k629.13251 / BOS |
||
| 999 |
_c10206 _d10206 |
||